| 000 | 00443nam a2200169Ia 4500 | ||
|---|---|---|---|
| 001 | 15994 | ||
| 003 | IN-NITTTR | ||
| 005 | 20251114233151.0 | ||
| 008 | 251113s9999||||xx |||||||||||||| ||eng|| | ||
| 040 | _beng | ||
| 040 | _cIN-NITTTR | ||
| 041 | _aeng | ||
| 082 | _a371.3078 I8 | ||
| 245 | 0 |
_aInternational yearbook of educational and instructional technology 1982/83 / _cOsborne, C. W. , ed. |
|
| 700 | _aOsborne, C. W. | ||
| 942 |
_2ddc _cBK |
||
| 999 |
_c18628 _d18628 |
||